000 00676nam a2200205Ii 4500
003 JO-AjNU
008 230605s9999||||xx |||||||||||||| ||und||
040 _aJO-AjNU
_bara
_erda
_cJO-AjNU
041 _aara
050 1 4 _aTX911.3.M27.T38 2010
100 3 _a توفيق، ماهر عبد العزيز,
_eauthor
_951029
245 0 0 _aإدارة الحفلات والمؤتمرات
250 _aط1
264 3 1 _aعمان: دار زهران للنشر والتوزيع، 2010
300 _a189ص
336 _atext
_btxt
_2rdacontent
337 _aunmediated
_bn
_2rdamedia
338 _avolume
_bnc
_2rdacarrier
650 4 _aحفلات - مؤتمرات - ادارة
_951030
999 _aA22515
_c26083
_d26083